000 01205nam a2200253 i 4500
001 167794
003 ES-MaACL
005 20250716063331.0
008 050928s1768 sz af | |||||||| ||fre d
040 _aCAM
_bspa
_cCAM
100 0 _aVoltaire,
_d1694-1778
_9115721
245 1 0 _aThéâtre complet de M. de Voltaire
_b: tome premier.
260 _aGenève :
_b[s.n.],
_c1768.
300 _a[2], 546 p., [6] h. de grab. ;
_c4º.
490 1 _aCollection complette des oeuvres de M. de Voltaire ;
_v3
500 _aDatos tomados de BN Opale-plus.
505 8 _aOedipe: p.23-132 ; Mariamne: p.133-236 ; Brutus: p. 237-312 ; La mort de César: p.313-360 ; Zaire: p. 361-478 ; Alzire ou les Américains: . 479-544
596 _aSegún consta en otros registros de BN Opale-plus, impreso por Frères Cramer.
597 _aSign.: [ ]1, A-2Z4, 3A-3Y4, 3Z1.
599 _aLas h de grab. calc.: "H. Gravelot inv., N. de Launnay [et al.] sculp. 1769", alegóricas, preceden cada obra.
830 0 _aCollection complette des oeuvres de M. de Voltaire ;
_v3
_9188768
852 _aES-MaACL
_jR-757-60
_z-- Enc. hol.
_q-- Falto de port.?
_x Olim: G-6597-600
999 _c167794
_d167794